000 00831nam a22002297a 4500
001 9027
003 FISKH
005 20251114114613.0
008 251114b cb ||||| |||| 00| 0 eng d
020 _a9781409337027
040 _aFISKH
_beng
_cFISKH
_dFISKH
050 _aPE1628 .M39
082 _a423
100 _aMcIlwain, John
245 _aChildren's Illustrated Dictionary /
_cBy John McIlwain
260 _aLondon :
_bDorling Kinersley ,
_c1994.
300 _a256 pages :
_bcolor illustrations ;
_c27 cm .
520 _aA revised and updated edition features new photography and added words that comprise core vocabulary while placing relevant terms in visual contexts and sections that reinforce grammar, spelling, and punctuation.
700 _aCorbett, Grahame
_eIllustrator
942 _2ddc
_cBK
_n0
999 _c9027
_d9027